La oposición a las políticas climáticas como estrategia electoral (notice n° 1733404)

détails MARC
000 -LEADER
fixed length control field 01366cam a2200157 4500500
005 - DATE AND TIME OF LATEST TRANSACTION
control field 20260322003611.0
041 ## - LANGUAGE CODE
Language code of text/sound track or separate title fre
042 ## - AUTHENTICATION CODE
Authentication code dc
100 10 - MAIN ENTRY--PERSONAL NAME
Personal name Jan, Malo
Relator term author
245 00 - TITLE STATEMENT
Title La oposición a las políticas climáticas como estrategia electoral
260 ## - PUBLICATION, DISTRIBUTION, ETC.
Date of publication, distribution, etc. 2026.<br/>
500 ## - GENERAL NOTE
General note 54
520 ## - SUMMARY, ETC.
Summary, etc. Aunque la hostilidad en línea hacia las y los representantes electos suscita una preocupación creciente, nuestro conocimiento empírico sobre su naturaleza y alcance sigue siendo limitado. Este estudio analiza la violencia en línea dirigida a las y los diputados franceses en Twitter (X), a partir de 4,5 millones de tuits publicados entre 2022 y 2023. Tres modelos de clasificación diseñados específicamente para este fin distinguen entre ataques personales, críticas políticas y mensajes de apoyo. Los resultados muestran que, si bien la mayoría sufre pocos ataques personales, un pequeño grupo muy visible concentra una intensa hostilidad. La visibilidad en línea y ciertas afiliaciones partidistas son los principales factores determinantes, mientras que el género influye sobre todo en la forma de los ataques.
786 0# - DATA SOURCE ENTRY
Note Revue française de science politique | 75 | 3 | 2026-02-05 | p. I-VIII | 0035-2950
856 41 - ELECTRONIC LOCATION AND ACCESS
Uniform Resource Identifier <a href="https://shs.cairn.info/revista-revue-francaise-de-science-politique-2025-3-page-I?lang=es&redirect-ssocas=7080">https://shs.cairn.info/revista-revue-francaise-de-science-politique-2025-3-page-I?lang=es&redirect-ssocas=7080</a>

Pas d'exemplaire disponible.

PLUDOC

PLUDOC est la plateforme unique et centralisée de gestion des bibliothèques physiques et numériques de Guinée administré par le CEDUST. Elle est la plus grande base de données de ressources documentaires pour les Étudiants, Enseignants chercheurs et Chercheurs de Guinée.

Adresse

627 919 101/664 919 101

25 boulevard du commerce
Kaloum, Conakry, Guinée

Réseaux sociaux

Powered by Netsen Group @ 2025